书目信息 |
| 题名: |
侠客
|
|
| 作者: | 郑劭荣 , 刘丽娟 编著 | |
| 分册: | ||
| 出版信息: | 北京 中国社会出版社 2009.03 |
|
| 页数: | 221页 | |
| 开本: | 24cm | |
| 丛书名: | 古代社会群落文化丛书 | |
| 单 册: | ||
| 中图分类: | K203 | |
| 科图分类: | ||
| 主题词: | 侠客--xia ke--文化--研究--中国--古代 | |
| 电子资源: | ||
| ISBN: | 978-7-5087-2463-8 | |
| 000 | 00922nam 2200265 450 | |
| 001 | 012009048078 | |
| 005 | 20090918153551.56 | |
| 010 | @a978-7-5087-2463-8@dCNY28.00 | |
| 100 | @a20090918d2009 em y0chiy0120 ea | |
| 101 | 0 | @achi |
| 102 | @aCN@b110000 | |
| 105 | @ay z 000yy | |
| 106 | @ar | |
| 200 | 1 | @a侠客@Axia ke@f郑劭荣, 刘丽娟编著@Fzheng shao rong,liu li juan bian zhu |
| 210 | @a北京@c中国社会出版社@d2009.03 | |
| 215 | @a221页@d24cm | |
| 225 | 2 | @a古代社会群落文化丛书@Agu dai she hui qun luo wen hua cong shu |
| 330 | @a本书以九章的篇幅,介绍了古侠的起源与发展流变,先秦至清朝的侠客,古侠的重要形态、生活、武技和精神风范等内容。 | |
| 410 | 0 | @12001 @a古代社会群落文化丛书 |
| 606 | 0 | @a侠客@Axia ke@x文化@x研究@y中国@z古代 |
| 690 | @aK203@v4 | |
| 701 | 0 | @a郑劭荣@Azheng shao rong@4编著 |
| 701 | 0 | @a刘丽娟@Aliu li juan@4编著 |
| 801 | 0 | @aCN@bQSSK@c20090918 |
| 905 | @b755804-06@dK203@eZ447@f3 | |
| 侠客/郑劭荣, 刘丽娟编著.-北京:中国社会出版社,2009.03 |
| 221页;24cm.-(古代社会群落文化丛书) |
| ISBN 978-7-5087-2463-8:CNY28.00 |
| 本书以九章的篇幅,介绍了古侠的起源与发展流变,先秦至清朝的侠客,古侠的重要形态、生活、武技和精神风范等内容。 |
| ● |
| 相关链接 |
|
|
|
正题名:侠客
索取号:K203/Z447
 
预约/预借
| 序号 | 登录号 | 条形码 | 馆藏地/架位号 | 状态 | 备注 |
| 1 | 755804 | 207558043 | 社科库309/309社科库 106排2列3层/ [索取号:K203/Z447] | 在馆 | |
| 2 | 755805 | 207558052 | 社科库309/309社科库 106排2列3层/ [索取号:K203/Z447] | 在馆 | |
| 3 | 755806 | 207558061 | 社科库309/309社科库 106排2列3层/ [索取号:K203/Z447] | 在馆 |